Statistiques concernant Devinez le Pays Mystère #24

Cliquez ici pour prendre le quiz!

Statistiques générales

  • Ce quiz a été pris 530 fois
  • Le résultat moyen est 13 sur 15

Statistiques - réponses

Type de RéponseRéponse% Correct
Lettre TrouvéeE
100%
Lettre Bien PlacéeE
98%
Lettre TrouvéeN
97%
Lettre TrouvéeA
96%
Lettre TrouvéeI
94%
Lettre Bien PlacéeA
90%
Lettre TrouvéeL
87%
Lettre Bien PlacéeI
86%
Lettre Bien PlacéeN
80%
Lettre TrouvéeB
78%
Lettre Bien PlacéeA
70%
Lettre TrouvéeA
70%
Lettre Bien PlacéeB
69%
Lettre Bien PlacéeL
69%
Pays MystèreAlbanie
68%

Distribution des résultats

Percentile par nombre de réponses

% des personnes avec chaque résultat

Votre développement - résultats

Vous n’avez pas pris ce quiz